Recommisioning of an Arial Flow compressor and Preparation of the Experimental performance curves for the compressor and the Laboratory worksheet on the compressor (Record no. 326289)

000 -LEADER
fixed length control field 00493 a2200133 4500
001 - CONTROL NUMBER
control field 91216
082 ## - DEWEY DECIMAL CLASSIFICATION NUMBER
Classification number PP 1132
090 ## - LOCALLY ASSIGNED LC-TYPE CALL NUMBER (OCLC); LOCAL CALL NUMBER (RLIN)
-- 43298
-- 43298
100 ## - MAIN ENTRY--PERSONAL NAME
Personal name Abid Mehdi; Prof Tajamul and S K N Zaidi (Advisors)
245 ## - TITLE STATEMENT
Title Recommisioning of an Arial Flow compressor and Preparation of the Experimental performance curves for the compressor and the Laboratory worksheet on the compressor
Number of part/section of a work 38 "A" EC
260 ## - PUBLICATION, DISTRIBUTION, ETC.
Place of publication, distribution, etc. Karachi
Name of publisher, distributor, etc. NED University
Date of publication, distribution, etc. 1993
300 ## - PHYSICAL DESCRIPTION
Extent v;95p
500 ## - GENERAL NOTE
General note BE Project Reports
942 ## - ADDED ENTRY ELEMENTS (KOHA)
Institution code [OBSOLETE] CAE NUST
Call number prefix PP 1132
Holdings
Withdrawn status Lost status Damaged status Not for loan Collection code Permanent Location Current Location Date acquired Total Checkouts Full call number Barcode Date last seen Price effective from Koha item type
          College of Aeronautical Engineering (CAE) College of Aeronautical Engineering (CAE) 04/03/2017   PP 1132 CAEPP-1132 04/05/2017 04/05/2017 Book
© 2023 Central Library, National University of Sciences and Technology. All Rights Reserved.